000 00777nam a2200253Ia 4500
003 OSt
005 20220927103613.0
006 a|||||r|||| 00| 0
007 ta
008 220926b |||||||| |||| 00| 0 eng d
024 _a90830
037 _cReference Collections
040 _aRTL
_cRTL
_beng
041 _2eng
_aeng
082 _a"Y11:432, J2/UN"
110 _a"UNITED NATIONS, ECONOMIC & SOCIAL AFFAIRS (Deptt of-)"
_9360369
245 0 _aChildren deprived of a normal home life
260 _aNew
_bYork U N
_c1952
300 _a"iii, 38p"
_ccm.
650 _aChild Sociology
_9360370
700 _a"UNITED NATIONS, ECONOMIC & SOCIAL AFFAIRS (Deptt of-)"
_9360371
942 _h"Y11:432, J2/UN"
_cCC
999 _c684233
_d684233